Zawodnicy CS:GO - ZDJĘCIA #2 - Statystyki

Ogólne statystyki
  • Ten quiz został rozwiązany 106 razy
  • Średni wynik to 8 z 12
Statystyki odpowiedzi
Obrazkowy Odpowiedź % Poprawnych
Finn "karrigan" Andersen
91%
Emil "Magisk" Reif
86%
Robin "flusha" Rönnquist
82%
Olof "olofmeister" Gustafsson
80%
Jesper "JW" Wecksell
78%
Lukas "gla1ve" Rossander
77%
Peter "dupreeh" Rasmussen
70%
Marcelo "coldzera" David
68%
Richard "shox" Papillon
59%
Andreas "Xyp9x" Fullon
54%
Vincent "Happy" Schopenhauer
31%
Fabien "KioShiMa" Fiey
27%
Nie znaleziono quizów pasujących do podanych kryteriów
Rozkład punktacji
Procent ludzi z każdym wynikiem
Percentyl według liczby udzielonych odpowiedzi
Twoja historia wyników
Nie rozwiązałeś tego quizu